000 00383 a2200157 4500
005 20250626081214.0
020 _a0-13-065598-8
082 _a519.5 McC
100 _aMcClave, T. J.
245 _aStatistics,
250 _a9th Ed.
260 _aNew York,
_bPrentice Hall,
_c2003.
300 _axxvi.; 850p.; Ill.; table,
_bIndex,
_c25cm.
700 _aSINCICH, T.
942 _2ddc
_cBKS
999 _c5238
_d5238